Statistics for 21st Century Dates Quiz

Click here to take the quiz!

General Stats

  • This quiz has been taken 21 times
    (9 since last reset)
  • The average score is 20 of 43

Answer Stats

HintAnswer% Correct
Obama was inaugurated the first African-American President of the USA2009
100%
The World Trade Centres and Pentagon were attacked2001
80%
Russia decisively annexes Crimea2014
80%
The United Kingdom voted to leave the European Union, starting 3 1/2 years of Brexit2016
80%
The first case of SARS-CoV2, AKA COVID-19 or Coronavirus, was found in Wuhan, Hubei, China2019
80%
The United Kingdom formally left the European Union2020
80%
The Barbenheimer cultural phenomenom2023
80%
Mark Zuckerberg releases Thefacebook upon the campus of Harvard2004
60%
The first Tweet is sent, reading "just set up my twttr", by Twitter founder Jack Dorsey2006
60%
Netflix launches as the pioneer of online video streaming services2007
60%
Apple announced the iPhone2007
60%
The start of the Marvel Cinematic Universe2008
60%
The No. 1 highest grossing movie of all time released in the US (not adjusted for inflation)2009
60%
PSY's Gangnam Style is released, becoming the first YouTube video to surpass 1 billion views2012
60%
The Summer Olympic Games are hosted for a historic third time in London2012
60%
The first movie in the Star Wars Sequel Trilogy, Episode VII - The Force Awakens, released in the US2015
60%
The No. 2 highest grossing movie of all time released in the US (not adjusted for inflation)2019
60%
Margaret Keenan, from Coventry in the United Kingdom, receives the world's first COVID-19 vaccine2020
60%
The January 6th Insurrection of the US Capitol, after claims of a rigged election and voter fraud2021
60%
Pink Fong's Baby Shark becomes the first YouTube video to surpass 10 billion views2022
60%
Global Population Surpassed 8 Billion People2022
60%
Grand Theft Auto: Vice City and Super Mario Sunshine are released to consoles2002
40%
The 7th and last Harry Potter book is published, The Deathly Hallows2007
40%
The royal wedding of Prince William and Kate Middleton2011
40%
Global Population Surpassed 7 Billion People2011
40%
The Walt Disney Company announces their acquisition of 21st Century Fox, 20th Century Fox's entertainment division2017
40%
Allied troops made their hastily evacuation of Afghanistan, after fighting there for 20 years, marking the end of the War in Afghanistan and the US' longest war in American history2021
40%
The No. 3 highest grossing movie of all time released in the US (not adjusted for inflation)2022
40%
India Surpassed China as the most populous2023
40%
Taylor Swift's record setting global Eras Tour comes to a momentous conclusion2024
40%
The Netherlands becomes the first country in the world to legalize same sex marriage2001
20%
Arnold Schwarzenegger becomes "The Governator" of California2003
20%
Tesla starts selling the Model S electric sedan car2012
20%
The mom's favorite video game, Candy Crush Saga is released2012
20%
Mikhail Gorbachev, the last President of the Soviet Union, passes away2022
20%
BRICS became BRICS+, with the additions of the likes of Iran, the UAE and Egypt2024
20%
Paris becomes the second city to host the Summer Olympic Games for a third time2024
20%
Victoria, Australia, pulls out hosting the Commonwealth games of this year, only a few years before it's scheduled to take place2026
20%
Bougainville become the next newest country2027
20%
Los Angeles becomes the third city to host the Summer Olympic Games for a third time2028
20%
The first phase of Saudi Arabia's The Line, in Neom, is completed2030
20%
James Cameron's Avatar 5 is released Christmas of this year2031
20%
As per UN projections, Nigeria surpasses the USA to become the 3rd most populous nation2050
20%

Score Distribution

Percentile by Number Answered

Percent of People with Each Score

Your Score History

You have not taken this quiz since the last reset